Prolonged exposure therapy for adolescents with PTSD (Record no. 35129)
[ view plain ]
| 000 -LEADER | |
|---|---|
| fixed length control field | 02053nam a22003854a 4500 |
| 082 04 - DEWEY DECIMAL CLASSIFICATION NUMBER | |
| Classification number | 618.92/8521 |
| 100 1# - MAIN ENTRY--AUTHOR NAME | |
| Personal name | Foa, Edna B. |
| 245 10 - TITLE STATEMENT | |
| Title | Prolonged exposure therapy for adolescents with PTSD |
| 260 ## - PUBLICATION, DISTRIBUTION, ETC. (IMPRINT) | |
| Place of publication | Oxford ; |
| -- | New York : |
| Name of publisher | Oxford University Press, |
| Year of publication | 2009. |
| 300 ## - PHYSICAL DESCRIPTION | |
| Number of Pages | xii, 206 p. : |
| Other physical details | ill. |
| 490 1# - SERIES STATEMENT | |
| Series statement | Programs that work |
| 500 ## - GENERAL NOTE | |
| General note | Accompanied by teen workbook: Prolonged exposure. |
| 505 0# - FORMATTED CONTENTS NOTE | |
| Formatted contents note | Introductory information for therapists -- Assessment and special considerations in treating adolescent trauma survivors -- Motivational interview module (optional) -- Case management module -- Treatment rationale module -- Gathering information module -- Common reactions to trauma module -- Real-life experiments module -- Recounting the memory module -- Worst moments module -- Relapse prevention module -- Final session module -- Tailoring treatment to the individual. |
| 650 #0 - SUBJECT ADDED ENTRY--TOPICAL TERM | |
| Topical Term | Post-traumatic stress disorder in adolescence. |
| Topical Term | Cognitive therapy for teenagers. |
| 700 1# - ADDED ENTRY--PERSONAL NAME | |
| Personal name | Chrestman, Kelly R. |
| Personal name | Gilboa-Schechtman, Eva. |
| 856 40 - ELECTRONIC LOCATION AND ACCESS | |
| Uniform Resource Identifier | http://site.ebrary.com/lib/rucke/Doc?id=10254417 |
No items available.
